000 00675nam a2200193 i 4500
001 52617
003 ES-MaACL
005 20230906162619.0
007 t|
008 030901m19571959fr ||||1| fre d
100 1 _aDavray, Jean.
_942996
245 1 3 _aLe bruit de la vie
_b: roman /
_cJean Davray.
260 _aParis :
_bPlon,
_c1957-59 (
_fPlon)
300 _a3 v. ;
_c21 cm.
505 8 _aContiene: T. I: Le bruit de la vie. -- T. II: La matin vieut et la nuit aussi. -- T. III: Sur les genoux des dieux
740 3 _aLe matin vieut et la nuit aussi.
740 0 _aSur le genoux des dieux.
852 _aES-MaACL
_jC-27836-8
_bR.57018
_z.- Donat. José Antonio Llardent
999 _c52617
_d52617